Counties that Start with N - Statistics

General Stats
  • This quiz has been taken 53 times
  • The average score is 28 of 69
Answer Stats
County State % Correct
Newton Arkansas
75%
Newton Georgia
75%
Newton Indiana
75%
Newton Mississippi
75%
Newton Missouri
75%
Newton Texas
75%
New York New York
75%
Newport Rhode Island
70%
Norfolk Massachusetts
70%
Norfolk Virginia
70%
Norton Kansas
70%
Norton Virginia
70%
Nelson Kentucky
60%
Nelson North Dakota
60%
Nelson Virginia
60%
Nome Alaska
60%
Navajo Arizona
55%
New Castle Delaware
55%
New Haven Connecticut
55%
Nevada Arkansas
50%
Nevada California
50%
Nash North Carolina
45%
Northampton North Carolina
45%
Northampton Pennsylvania
45%
Northampton Virginia
45%
Napa California
40%
Nassau Florida
40%
Nassau New York
40%
Nicholas Kentucky
40%
Nicholas West Virginia
40%
Noble Indiana
40%
Noble Ohio
40%
Noble Oklahoma
40%
Norman Minnesota
40%
Northumberland Pennsylvania
40%
Northumberland Virginia
40%
New London Connecticut
35%
North Slope Alaska
35%
Nantucket Massachusetts
30%
Natrona Wyoming
30%
Neosho Kansas
30%
Niobrara Wyoming
30%
Nolan Texas
30%
Nye Nevada
30%
Nacogdoches Texas
25%
Natchitoches Louisiana
25%
Navarro Texas
25%
Nemaha Kansas
25%
Nemaha Nebraska
25%
Ness Kansas
25%
Newaygo Michigan
25%
New Kent Virginia
25%
Newport News Virginia
25%
Nez Perce Idaho
25%
Nodaway Missouri
25%
Nueces Texas
25%
Nance Nebraska
20%
Neshoba Mississippi
20%
Newberry South Carolina
20%
New Hanover North Carolina
20%
Niagara New York
20%
Northwest Arctic Alaska
20%
Noxubee Mississippi
20%
Nicollet Minnesota
15%
Nobles Minnesota
15%
Nottoway Virginia
15%
Nuckolls Nebraska
15%
New Madrid Missouri
10%
Nowata Oklahoma
10%
No matching quizzes found
Score Distribution
Percent of People with Each Score
Percentile by Number Answered
Your Score History
You have not taken this quiz